Talla de primera madurez sexual: fecundidad y proporción sexual del congrio dorado

Zapisane w:
Opis bibliograficzny
1. autor: Lepe Vergara, Sofía Elena (Autor)
Format: Książka
Język:hiszpański
Wydane: Valparaíso Universidad Católica de Valparaíso 2001
Hasła przedmiotowe:
Etykiety: Dodaj etykietę
Nie ma etykietki, Dołącz pierwszą etykiete!

MARC

LEADER 00000nam a2200000 a 4500
001 UCM6724
003 CL-VaPUC
008 021122e20010000CL |||||||||||||||||spa|d
082 0 4 |a 597.430727  |b LEP  |2 21 
100 |a Lepe Vergara, Sofía Elena  |e author  |9 828248 
245 1 0 |a Talla de primera madurez sexual: fecundidad y proporción sexual del congrio dorado 
300 |a 43 h 
942 |c BK 
945 |d 20021122 00:00:00  |a vberengu 
260 |a Valparaíso  |b Universidad Católica de Valparaíso  |c 2001 
500 |a Taller de Estadística, solicitado por Felipe Paredes V.; prof. guía: Axa Rojas Durandeux, Renato Allende Olivares 
650 7 |a GENYPTERUS BLACODES  |2 CL-VaPUC  |9 472525 
650 7 |a REPRODUCCION DE PECES  |2 CL-VaPUC  |9 460973 
650 0 |a Métodos estadísticos   |9 259407 
650 0 |a Análisis estadístico  |9 269506 
650 0 |a Estadística matemática  |9 260028 
583 |a last modification  |c 20130403 05:47:28  |k Rodrigo Vera 
999 |c 301956  |d 301954 
952 |0 0  |1 0  |2 ddc  |4 0  |6 597_430727000000000_LEP_2001  |7 0  |8 T  |9 361889  |a BIBGIM  |b BIBGIM  |d 2019-11-21  |i 384904K  |o 597.430727 LEP 2001  |p 384904K  |r 2019-11-21  |w 2019-11-21  |y BK_F  |k EST